Epitome of CAG's reports on the government of Jharkhand (Record no. 486314)
[ view plain ]
| 000 -LEADER | |
|---|---|
| fixed length control field | 00449cam a22001217a 4500 |
| 008 - FIXED-LENGTH DATA ELEMENTS--GENERAL INFORMATION | |
| fixed length control field | 180718b-- xxu||||| |||| 00| 0 eng d |
| 082 ## - DEWEY DECIMAL CLASSIFICATION NUMBER | |
| Classification number | L906x54131 E |
| 245 ## - TITLE STATEMENT | |
| Title | Epitome of CAG's reports on the government of Jharkhand |
| Statement of responsibility, etc. | by Accountant General (Audit), Jharkhand |
| 260 ## - PUBLICATION, DISTRIBUTION, ETC. | |
| Place of publication, distribution, etc. | Ranchi |
| Name of publisher, distributor, etc. | Accountant General (Audit) |
| Date of publication, distribution, etc. | -- |
| 500 ## - GENERAL NOTE | |
| General note | Library has 2001/02, 2004/05 |
| 650 ## - SUBJECT ADDED ENTRY--TOPICAL TERM | |
| Topical term or geographic name entry element | Auditing - India - Jharkhand |
| 700 ## - ADDED ENTRY--PERSONAL NAME | |
| Personal name | Jharkhand. Accountant General (Audit) |
| Withdrawn status | Lost status | Damaged status | Not for loan | Permanent Location | Current Location | Date acquired | Full call number | Barcode | Date last seen | Price effective from | Koha item type |
|---|---|---|---|---|---|---|---|---|---|---|---|
| Indian Institute of Public Administration | Indian Institute of Public Administration | 2018-08-04 | L906x54131 E | GG28661 | 2018-08-04 | 2018-08-04 | GG | ||||
| Indian Institute of Public Administration | Indian Institute of Public Administration | 2018-08-04 | L906x54131 E | GG28660 | 2018-08-04 | 2018-08-04 | GG | ||||
| Indian Institute of Public Administration | Indian Institute of Public Administration | 2018-08-04 | L906x54131 E | GG27119 | 2018-08-04 | 2018-08-04 | GG | ||||
| Indian Institute of Public Administration | Indian Institute of Public Administration | 2018-08-04 | L906x54131 E | GG27118 | 2018-08-04 | 2018-08-04 | GG |
